Duopoly Spatial Model with a Limited Quantity of Offered Products

Popis modelu duopolu v priestore a jeho charakterizovanie grafom. Zváženie rozdielneho dopytu v jednotlivých uzloch grafu a obmedzenej ponuky na strane výrobcov. Predpoklad obmedzenej ponuky na trhu ako realistický pre určitý konkrétny tovar či časové obdobie, napr. v prípade predaja. Limitované pon...

Descrizione completa

Salvato in:
Dettagli Bibliografici
Autore principale: Čičková, Zuzana, 1978-
Altri autori: Holzerová, Patrícia, 1995-
Natura: Capitolo di libro
Lingua:inglese
Soggetti:
Tags: Aggiungi Tag
Nessun Tag, puoi essere il primo ad aggiungerne!!

MARC

LEADER 00000naa$a2200000$$$4500
001 0271011
005 20240502083818.6
041 0 |a eng 
044 |a RS 
245 1 0 |a Duopoly Spatial Model with a Limited Quantity of Offered Products  |c Zuzana Čičková, Patrícia Holzerová 
520 |a Popis modelu duopolu v priestore a jeho charakterizovanie grafom. Zváženie rozdielneho dopytu v jednotlivých uzloch grafu a obmedzenej ponuky na strane výrobcov. Predpoklad obmedzenej ponuky na trhu ako realistický pre určitý konkrétny tovar či časové obdobie, napr. v prípade predaja. Limitované ponuky ako prepojenie so stratégiou výrobcov motivujúcich zákazníkov k nákupu ponúkaného tovaru. Vnímanie takýchto výrobkov zákazníkmi ako vzácnejších a môžu byť ochotnejší a motivovanejší k nákupu. Výber jedného z dvoch výrobcov u zákazníkov na základe ich nákladov (cena tovaru a náklady na prepravu). 
610 2 0 |a duopoly 
610 2 0 |a teória hier 
610 2 0 |a prostredie konkurenčné 
610 2 0 |a ekonomika priestorová 
610 2 0 |a stratégia podnikateľská 
610 2 0 |a trh tovarový 
610 2 0 |a predaj 
100 1 |a Čičková, Zuzana, 1978- 
700 1 |a Holzerová, Patrícia, 1995-